| 000 | 00675nam a22002177a 4500 | ||
|---|---|---|---|
| 003 | SISC | ||
| 005 | 20160302101858.0 | ||
| 008 | 130824t xxu||||| |||| 00| 0 eng d | ||
| 020 | _a9780133684872 | ||
| 050 |
_aQ 181 _b.B924a 2011 |
||
| 082 |
_aHS 500 _bB924a 2011 |
||
| 100 |
_aBuckley, Don _913584 |
||
| 245 |
_aAstronomy and space science / _cDon Buckley, Zipporah Miller, Michael J. Padilla, Kathryn Thornton, Michael E. Wysession |
||
| 260 |
_aBoston, Mass : _bPearson, _c2011. |
||
| 300 |
_axx, 188 p. : _bcol. : ill. ; _c28 cm. |
||
| 440 |
_aInteractive Science _913585 |
||
| 562 | _e1 | ||
| 600 |
_aZipporah Miller _913586 |
||
| 942 |
_2lcc _cBK |
||
| 999 |
_c9431 _d9431 |
||